000 00346nam a22001217a 4500
999 _c9535
_d9535
003 OSt
008 201209b ||||| |||| 00| 0 eng d
245 _aIndian Journal of Physics
250 _a2012(May Vol.86 No.5, Jun Vol.86 No.6, Sep Vol.86 No.9, Nov Vol.86 No.11)
260 _aBengaluru
_bSpringer
650 _aApplied Science
942 _2ddc
_cBV